Planning for biodiversity and geological conservation (Record no. 105327)

MARC details
000 -LEADER
fixed length control field 01733cam a2200229 4500
001 - CONTROL NUMBER
control field ##L133091
008 - FIXED-LENGTH DATA ELEMENTS--GENERAL INFORMATION
fixed length control field 060410n2006 000 0 eng u
020 ## - INTERNATIONAL STANDARD BOOK NUMBER
International Standard Book Number 0117539511
035 ## - SYSTEM CONTROL NUMBER
System control number (Sirsi) u133091
041 0# - LANGUAGE CODE
Language code of text/sound track or separate title eng
050 04 - LIBRARY OF CONGRESS CALL NUMBER
Classification number 333.72 $2 18
110 1# - MAIN ENTRY--CORPORATE NAME
Corporate name or jurisdiction name as entry element United Kingdom
Subordinate unit Office of the Deputy Prime Minister
245 00 - TITLE STATEMENT
Title Planning for biodiversity and geological conservation
Remainder of title a guide to good practice
260 ## - PUBLICATION, DISTRIBUTION, ETC.
Place of publication, distribution, etc. London
Name of publisher, distributor, etc. ODPM
Date of publication, distribution, etc. 2006
520 ## - SUMMARY, ETC.
Summary, etc. Provides guidance on how to achieve the principles of protecting biodiversity and conserving geology through the planning system. The guide produced with DEFRA and English Nature complements Planning Policy Statement (PPS) 9 "Biodiversity and geological conservation" (ISBN11753946, L130648) which sets out the national policies on the protection of biodiversity and geological conservation through the planning system and Circular (ODPM 06/2005 and DEFRA 01/2005) "Biodiversity and geological conservation: statutory obligations and their impact within the planning system" (ISBN 0117539511, L130650) which provides administrative guidance on the application of the law in England relating to planning and nature conservation. Presents good practice guidance on ways regional planning bodies and local planning authorities can help deliver the national policies and comply with legal requirements.
590 ## - LOCAL NOTE (RLIN)
Local note IKA110406
690 ## - LOCAL SUBJECT ADDED ENTRY--TOPICAL TERM (OCLC, RLIN)
Topical term or geographic name as entry element ENVIRONMENTAL AND LAND CONSULTANCY-PLANNING AND DEVELOPMENT-PLANNING GUIDANCE
710 1# - ADDED ENTRY--CORPORATE NAME
Corporate name or jurisdiction name as entry element United Kingdom
Subordinate unit Department for Environment, Food and Rural Affairs
710 2# - ADDED ENTRY--CORPORATE NAME
Corporate name or jurisdiction name as entry element English Nature
9 (RLIN) 3309
856 40 - ELECTRONIC LOCATION AND ACCESS
Uniform Resource Identifier <a href="https://www.communities.gov.uk/index.asp?id=1164839">https://www.communities.gov.uk/index.asp?id=1164839</a>
Public note View the guide free of charge at www.odpm.gov.uk...
942 ## - ADDED ENTRY ELEMENTS (KOHA)
Suppress in OPAC 0
Holdings
Withdrawn status Lost status Source of classification or shelving scheme Damaged status Not for loan Home library Current library Shelving location Date acquired Total Checkouts Full call number Barcode Date last seen Copy number Price effective from Koha item type
    Dewey Decimal Classification     Virtual Virtual Online 10/04/2006   ONLINE PUBLICATION 133091-2001 06/08/2019 1 06/08/2019 Book